The people of Puerto Rico ; a study in social anthropology /

Bibliographic Details
Main Author: Steward, Julian Haynes, 1902-1972
Corporate Author: University of Puerto Rico (Río Piedras Campus). Social Science Research Center
Format: Book
Language:English
Published: Urbana] : University of Illinois Press, 1956.
Subjects:

MARC

Tag First Indicator Second Indicator Subfields
LEADER 00000cam a2200000 4500
001 in00000064096
005 20151008051159.0
008 720315s1956 iluab b 00000 eng u
010 |a  56005682  
035 |a (OCoLC)00264208 
035 |9 AAG6262AM 
040 |c OUN  |d TXA  |d UtOrBLW 
049 |a TXAM  |c 1 [289550]  |c 2 [416802] 
050 0 0 |a HN233  |b .S7 
090 |a HN233  |b .S7 1956 
092 |a 309.17295  |b S849p 
100 1 |a Steward, Julian Haynes,  |d 1902-1972. 
245 1 4 |a The people of Puerto Rico ;  |b a study in social anthropology /  |c by Julian H. Steward [and others. 
264 1 |a Urbana] :  |b University of Illinois Press,  |c 1956. 
300 |a ix, 540 pages :  |b illustrations, maps, diagrams ;  |c 29 cm. 
336 |a text  |b txt  |2 rdacontent 
337 |a unmediated  |b n  |2 rdamedia 
338 |a volume  |b nc  |2 rdacarrier 
500 |a "A Social Science Research Center study, College of Social Sciences, University of Puerto Rico." 
504 |a Bibliography: pages 516-526. 
651 0 |a Puerto Rico  |x Social conditions. 
710 2 |a University of Puerto Rico (Río Piedras Campus).  |b Social Science Research Center. 
999 |a MARS 
999 f f |s 700bc152-54e8-3438-ba5b-4f20e197db31  |i 69cedf78-bb42-3660-92ff-b2b1bf0fbf5a  |t 0 
952 f f |p normal  |a Texas A&M University  |b College Station  |c Sterling C. Evans Library  |d Evans: Library Stacks  |t 0  |e HN233 .S7 1956  |h Library of Congress classification  |i unmediated -- volume  |m A14800649534 
998 f f |a HN233 .S7 1956  |t 0  |l Evans: Library Stacks